000
00294nam a2200121Ia 4500
008
210430s9999 xx 000 0 und d
020
_a
3766-3767-3768
082
_a
297.01 I821 I
100
_a
A.S. Bukhari
245
_a
Islamic Education
_c
A.S. Bukhari
300
_a
495p.
942
_c
BK
_2
ddc
999
_c
564551
_d
564551